000 01112cam a2200325 a 4500
003 CHAP
005 20220329142136.0
008 991217d1994 mx r 00010 spa d
010 _a79106
011 _a80078
020 _a9683642748
035 _a90520
040 _cCHAP
082 0 4 _a623.354
_bT3
100 0 0 _aTapia Uribe, Medardo.
_9111660
245 1 0 _aMujer campesina y apropiación cultural
_c/por Medardo Tapia Uribe
260 _aCuernavaca, Mor. :
_bUniversidad Nacional Autónoma de México. Centro Regional de Investigaciones Multidisciplinarias,
_c1994.199
300 _a141 p.
590 _aBATCH-UPD
_b10
_c20130110
_lUCH01
_h0533
590 _aBATCH-UPD
_b10
_c20130410
_lUCH01
_h0214
590 _aBATCH-UPD
_b10
_c20130914
_lUCH01
_h0829
590 _aCONVERSION
_b10
_c20130109
_lUCH01
_h1344
650 1 4 _aCampesinado
_xMorelos.
_918027
650 1 4 _aEducación de la mujer.
_935565
650 1 4 _aMujer en comunidades rurales
_xMorelos.
_979377
901 _aBK
905 _aLilia Sánchez G.
942 _cLIBRO
949 _a623.354 T3
_bBC
_cLIBRO
_d33724000732723
_eLIBRO
_h96650
_i90520
_sb
999 _c79106
_d79106